LEADER 00985nam a22002411i 4500 001 991004052619707536 005 20040715092455.0 008 040802s1957 be a||||||||||||||||lat 035 $ab13165215-39ule_inst 035 $aARCHE-111782$9ExL 040 $aBiblioteca Interfacoltà$bita$cA.t.i. Arché s.c.r.l. Pandora Sicilia s.r.l. 082 04$a230.14 100 0 $aEusebius :$cVercellensis $0452549 245 10$aEusebii Vercellensis episcopi quae supersunt /$cedidit Vincentius Bulhart 260 $aTurnholti :$bBrepols,$c1957 300 $aXXXVI, 608 p. :$bill. ;$c26 cm 440 0$aCorpus christianorum.$pSeries latina ;$v9 907 $a.b13165215$b02-04-14$c05-08-04 912 $a991004052619707536 945 $aLE002 Patr. CCSL 009$g1$i2002000431790$lle002$nC. 1$o-$pE0.00$q-$rn$so $t0$u0$v0$w0$x0$y.i13804716$z05-08-04 996 $aEusebii Vercellensis episcopi quae supersunt$9311987 997 $aUNISALENTO 998 $ale002$b05-08-04$cm$da $e-$flat$gbe $h0$i1 LEADER 06285 am 22006253u 450 001 9910372749503321 005 20231025094939.0 010 $a3-11-061141-4 010 $a3-11-061859-1 024 7 $a10.1515/9783110618594 035 $a(CKB)4100000009762444 035 $a(OAPEN)1006914 035 $a(DE-B1597)526947 035 $a(OCoLC)1129187644 035 $a(DE-B1597)9783110618594 035 $a(MiAaPQ)EBC6209824 035 $a(Au-PeEL)EBL6209824 035 $a(OCoLC)1181847889 035 $a(oapen)https://directory.doabooks.org/handle/20.500.12854/36128 035 $a(EXLCZ)994100000009762444 100 $a20200406h20192020 fg 101 0 $aeng 135 $auuuuu---auuuu 181 $ctxt$2rdacontent 182 $cc$2rdamedia 183 $acr$2rdacarrier 200 03$aAn End to Antisemitism!$hVolume 1$iComprehending and Confronting Antisemitism ; A Multi-Faceted Approach /$fArmin Lange, Dina Porat, Lawrence H. Schiffman, Kerstin Mayerhofer 210 $aBerlin/Boston$cDe Gruyter$d2020 210 1$aBerlin ;$aBoston :$cDe Gruyter,$d[2019] 210 4$d©2020 215 $a1 online resource (574) 225 0 $aAn End to Antisemitism! ;$vVolume 1 311 $a3-11-063246-2 327 $tFrontmatter --$tTable of Contents --$tPreface and Acknowledgements --$tGreetings --$tI. Introduction to Combating Antisemitism --$tGeneral Introduction "An End to Antisemitism!" --$tExecutive Summary --$tII. Leadership Talks --$tLeadership Talk by the Federal Chancellor of the Republic of Austria (2017-2019) --$tLeadership Talk by the Austrian Federal Minister for Education, Science and Research (2018-2019) --$tLeadership Talk by the Federal Chancellor of the Republic of Austria (2016-2017); Chairman of the Social Democratic Party of Austria (2016-2018) --$tLeadership Talk by the Executive Vice-President and CEO of the European Jewish Congress --$tLeadership Talk by the European Commission Coordinator on Combating Antisemitism --$tLeadership Talk by the AJC Director of International Jewish Affairs; Personal Representative of the OSCE Chairperson-in-Office on Combating Anti-Semitism --$tLeadership Talk by the Chair of the Raoul Wallenberg Centre for Human Rights --$tLeadership Talk by the Chairman of the Jewish Agency for Israel (2009-2018) --$tLeadership Talk by the Director of the UNESCO Regional Bureau for Science and Culture in Europe, Venice --$tLeadership Talk by the Bishop of the Protestant Church of Austria (2008-2019) --$tLeadership Talk by the Chief Rabbi of Vienna, Austria (2016-2019) --$tLeadership Talk by the Imam of the municipal Drancy mosque Seine-Saint-Denis --$tLeadership Talk by the Rector of the Seminario Rabínico Latinoamericano Buenos Aires --$tIII. Religion --$tContributions --$tJews and Judaism between Bedevilment and Source of Salvation: Christianity as a Cause of and a Cure against Antisemitism --$tRedeeming Humanity from the Evil of the Jews: Islamist Rationalization of Antisemitism --$tScrolls, Testament and Talmud: Issues of Antisemitism in the Study of Ancient Judaism --$tRecommendations --$tRecommendations regarding Religious Groups and Institutions --$tIV. Culture, Education, Research --$tContributions --$tContemporary Philosophical and Ethical Fights over Jews, Judaism, and the State of Israel --$tAntisemitism: Sociological Perspectives --$tThe Psychology of Modern Antisemitism: Theory, Research, and Methodology --$tThe Demonization of Judaism --$t"Antisemitism 2.0"-The Spreading of Jew-hatred on the World Wide Web --$tCombatting Antisemitism: An Interdisciplinary Approach --$tRecommendations --$tRecommendations regarding Cultural Organizations and Institutions --$tRecommendations regarding the Internet, its Influencers and its Users --$tRecommendations regarding Academic Organizations and Institutions --$tRecommendations regarding Educational Organizations and Institutions --$tV. Politics, Business and Jurisprudence --$tContributions --$tJews and Non-Jews in Ancient Cities: Alexandria, Antioch, Caesarea, Rome --$tJews against Zionism/Israel: On the Ambivalences of Contemporary Jewish Identity --$tThe Fight against Antisemitism and the Iranian Regime: Challenges and Contradictions in the Light of Adorno's Categorical Imperative --$tThe IHRA Working Definition of Antisemitism --$tThe Working Definition of Antisemitism - A 2018 Perception --$tCounteracting Antisemitism with Tools of Law: An Effort Doomed to Failure? --$tEqual Treatment, not just Religious Freedom: On the Methods of Slaughtering Animals for Human Consumption --$tRecommendations --$tRecommendations regarding Organizations and Institutions of the Business World --$tRecommendations regarding Governments, Political Organizations, and Institutions --$tVI. IHRA Working Definition of Antisemitism --$tIHRA Working Definition of Antisemitism --$tVII. Editorial Board and List of Contributors --$tEditorial Board --$tList of Contributors --$tAcknowledgements 330 $aThis volume provides a compendium of the history of and discourse about antisemitism - both as a unique cultural and religious category. Antisemitic stereotypes function as religious symbols that express and transmit a belief system of Jew-hatred, which are stored in the cultural and religious memories of the Western and Muslim worlds, migrating freely between Christian, Muslim and other religious symbolic systems. 606 $aRegional & national history$2bicssc 606 $aJudaism$2bicssc 606 $aJewish studies$2bicssc 610 $aAnti-Semitism. 610 $aanti-Judaism, anti-Jewish stereotypes. 610 $astrategies against anti-Semitism. 615 7$aRegional & national history 615 7$aJudaism 615 7$aJewish studies 700 $aLange$b Armin$4edt$01354390 702 $aLange$b Armin$4edt$4http://id.loc.gov/vocabulary/relators/edt 702 $aMayerhofer$b Kerstin$4edt$4http://id.loc.gov/vocabulary/relators/edt 702 $aPorat$b Dina$4edt$4http://id.loc.gov/vocabulary/relators/edt 702 $aSchiffman$b Lawrence H.$4edt$4http://id.loc.gov/vocabulary/relators/edt 801 0$bDE-B1597 801 1$bDE-B1597 906 $aBOOK 912 $a9910372749503321 996 $aAn End to Antisemitism$93571213 997 $aUNINA